[Event "Targu Mures op"]
[Site "Targu Mures"]
[Date "2021.07.22"]
[Round "3"]
[White "Jianu, Vlad Cristian"]
[Black "Martian, Dragos Daniel"]
[Result "1-0"]
[WhiteElo "2527"]
[BlackElo "2198"]
[PlyCount "95"]
[EventDate "2021.07.21"]
[EventType "swiss"]
[EventRounds "7"]
[EventCountry "ROU"]
[SourceTitle "CBM 203 Extra"]
[Source "ChessBase"]
[SourceDate "2021.09.30"]
[SourceVersion "1"]
[SourceVersionDate "2021.09.30"]
[SourceQuality "1"]

1. d4 Nf6 2. c4 e6 3. Nf3 b6 4. a3 Bb7 5. Nc3 d5 6. cxd5 Nxd5 7. Qc2 Be7 8. e4 Nxc3 9. bxc3 c5 10. Bd3 cxd4 11. cxd4 0-0 12. 0-0 Nd7 13. Bb2 Rc8 14. Qe2 Qc7 15. Rad1 Qb8 16. Rfe1 Qa8 17. d5 exd5 18. e5 Nc5 19. Nd4 Nxd3 20. Rxd3 Ba6 21. Nf5 Bg5 22. h4 Bxd3 23. Qxd3 Bxh4 24. Nxh4 Qc6 25. Rc1 Qa4 26. Rxc8 Rxc8 27. Qh3 Rc4 28. Nf3 Qe8 29. Qf5 Rc6 30. Nd4 Rg6 31. Qf4 Qa4 32. Qf3 h6 33. Nf5 Kh7 34. Ne7 Rg5 35. Nxd5 Qc2 36. Bd4 Rf5 37. Qg4 Rg5 38. Qf3 Rf5 39. Qg4 Rg5 40. Ne3 Qb1+ 41. Qd1 Qe4 42. f3 Qh4 43. Bc3 Rh5 44. Qd3+ Kg8 45. Nf5 Qh2+ 46. Kf2 g6 47. Qd8+ Kh7 48. e6 1-0

[Event "Targu Mures op"]
[Site "Targu Mures"]
[Date "2021.07.22"]
[Round "2"]
[White "Martian, Dragos Daniel"]
[Black "Socaci, Dominik"]
[Result "1-0"]
[WhiteElo "2198"]
[BlackElo "1773"]
[PlyCount "81"]
[EventDate "2021.07.21"]
[EventType "swiss"]
[EventRounds "7"]
[EventCountry "ROU"]
[SourceTitle "CBM 203 Extra"]
[Source "ChessBase"]
[SourceDate "2021.09.30"]
[SourceVersion "1"]
[SourceVersionDate "2021.09.30"]
[SourceQuality "1"]

1. e4 e5 2. Nf3 Nf6 3. Nxe5 d6 4. Nf3 Nxe4 5. d4 d5 6. Bd3 Be7 7. 0-0 0-0 8. c4 Nf6 9. Nc3 Nc6 10. h3 h6 11. c5 Be6 12. Re1 Re8 13. Bf4 a6 14. a3 Bf8 15. b4 Ne7 16. a4 Ng6 17. Bh2 Qc8 18. Rc1 Ne7 19. b5 a5 20. Ne5 Bf5 21. c6 b6 22. g4 Bxd3 23. Qxd3 g6 24. Qf3 Bg7 25. h4 Rf8 26. Rcd1 Qd8 27. Qg2 g5 28. h5 Re8 29. f4 Ne4 30. Nxe4 dxe4 31. fxg5 hxg5 32. Nd7 Nd5 33. Be5 f6 34. Qa2 fxe5 35. Qxd5+ Kh8 36. dxe5 Qe7 37. Qxe4 Qa3 38. Rd3 Qb2 39. h6 Bxh6 40. Nf6 Re7 41. Rd7 1-0

[Event "Targu Mures op"]
[Site "Targu Mures"]
[Date "2021.07.21"]
[Round "1"]
[White "Radu, Gheorghe"]
[Black "Martian, Dragos Daniel"]
[Result "0-1"]
[WhiteElo "1424"]
[BlackElo "2198"]
[PlyCount "69"]
[EventDate "2021.07.21"]
[EventType "swiss"]
[EventRounds "7"]
[EventCountry "ROU"]
[SourceTitle "CBM 203 Extra"]
[Source "ChessBase"]
[SourceDate "2021.09.30"]
[SourceVersion "1"]
[SourceVersionDate "2021.09.30"]
[SourceQuality "1"]

1. d4 d5 2. Nc3 Nf6 3. h3 c5 4. e3 Nc6 5. Nf3 Bf5 6. Bd3 Bxd3 7. Qxd3 e6 8. Qb5 Qc7 9. Qe2 Be7 10. Bd2 0-0 11. 0-0 Rac8 12. Rfc1 a6 13. Nd1 e5 14. dxe5 Nxe5 15. Bc3 Bd6 16. Nxe5 Bxe5 17. Qf3 Ne4 18. Be1 c4 19. c3 Nc5 20. Rc2 Nd3 21. Bd2 Qc6 22. b3 b5 23. Rb1 Bb8 24. b4 Qg6 25. e4 dxe4 26. Qe2 Rce8 27. Nb2 Bf4 28. Be3 f5 29. Rd2 Bb8 30. a4 f4 31. Bd4 f3 32. Qf1 e3 33. Bxe3 Rxe3 34. fxe3 Qg3 35. Qxd3 0-1

[Event "ROM-ch"]
[Site "Iasi"]
[Date "2021.04.24"]
[Round "8"]
[White "Negrean, Andrei"]
[Black "Martian, Dragos Daniel"]
[Result "0-1"]
[WhiteElo "1904"]
[BlackElo "2198"]
[PlyCount "196"]
[EventDate "2021.04.19"]
[EventType "swiss"]
[EventRounds "9"]
[EventCountry "ROU"]
[SourceTitle "CBM 202 Extra"]
[Source "ChessBase"]
[SourceDate "2021.07.31"]
[SourceVersion "1"]
[SourceVersionDate "2021.07.31"]
[SourceQuality "1"]

1. e4 c5 2. Nf3 e6 3. d4 cxd4 4. Nxd4 a6 5. Bd3 Nc6 6. Nxc6 dxc6 7. 0-0 e5 8. a4 a5 9. Be3 Nf6 10. f3 Be6 11. Nd2 Bd6 12. Qe2 Qe7 13. Nc4 Bxc4 14. Bxc4 0-0 15. Bg5 h6 16. Bh4 Rfd8 17. Rae1 Bc5+ 18. Kh1 g5 19. Bf2 Bxf2 20. Qxf2 Qb4 21. Bb3 c5 22. Qe2 Rd2 23. Qe3 Rad8 24. Qc3 Qxc3 25. bxc3 Nd7 26. Rd1 Nb6 27. Bd5 Rxd1 28. Rxd1 Rd7 29. c4 Nxc4 30. Rb1 Nd6 31. Kg1 Kf8 32. c4 Ke7 33. Kf2 Kd8 34. h4 gxh4 35. Rh1 Nc8 36. Rxh4 Rd6 37. Rh1 Rb6 38. Bxf7 Rb4 39. Rxh6 Rxa4 40. g4 Ra2+ 41. Kg3 Ra1 42. Rh8+ Kc7 43. Be6 Ne7 44. Ra8 a4 45. g5 a3 46. Bf5 b5 47. cxb5 Kb7 48. Ra4 c4 49. Be6 c3 50. Bb3 Kb6 51. Rc4 Kxb5 52. Rxc3 Kb4 53. Rd3 Ng6 54. Kh2 Nf4 55. Re3 a2 56. Bxa2 Rxa2+ 57. Kh1 Rg2 58. Re1 Rxg5 59. Re3 Kc4 60. Ra3 Kd4 61. Kh2 Rg2+ 62. Kh1 Rd2 63. Kg1 Nd3 64. Kh1 Ke3 65. f4 Kxf4 66. Ra4 Kg3 67. Ra1 Kf4 68. Ra4 Nc5 69. Ra8 Nxe4 70. Rf8+ Ke3 71. Re8 Nf2+ 72. Kg2 e4 73. Kf1 Nd3 74. Rh8 Nf4 75. Ke1 Ra2 76. Kd1 Ra1+ 77. Kc2 Kf3 78. Rb8 e3 79. Rb3 Kf2 80. Rb4 Ng2 81. Rb8 e2 82. Rf8+ Kg1 83. Re8 e1Q 84. Rxe1+ Rxe1 85. Kd3 Kf2 86. Kd4 Nf4 87. Kc5 Rd1 88. Kc4 Ke3 89. Kc5 Ke4 90. Kc6 Rd5 91. Kb6 Kd4 92. Kc6 Kc4 93. Kb6 Rc5 94. Kb7 Kb5 95. Ka7 Rc7+ 96. Ka8 Kb6 97. Kb8 Rc1 98. Ka8 Rc8# 0-1

[Event "EU-ch Online U2300 Qual"]
[Site "Chess.com INT"]
[Date "2020.05.25"]
[Round "2"]
[White "Martian, Dragos Daniel"]
[Black "Salimova, Nurgyul"]
[Result "0-1"]
[WhiteElo "2241"]
[BlackElo "2372"]
[PlyCount "70"]
[EventDate "2020.05.25"]
[EventType "swiss"]
[EventRounds "8"]
[EventCountry "NET"]
[SourceTitle "EXT 2021"]
[Source "ChessBase"]
[SourceDate "2020.10.23"]
[SourceVersion "1"]
[SourceVersionDate "2020.10.23"]
[SourceQuality "1"]

1. e4 c6 2. d4 d5 3. exd5 cxd5 4. c4 Nf6 5. Nc3 Nc6 6. Bg5 Ne4 7. Nxe4 dxe4 8. d5 Ne5 9. Qd4 f6 10. Qxe4 Qb6 11. Be3 Qxb2 12. Rd1 g6 13. Be2 Bf5 14. Qd4 Qxd4 15. Bxd4 Bh6 16. Bxe5 fxe5 17. Nf3 e4 18. Nd4 0-0 19. c5 Rac8 20. c6 bxc6 21. Nxc6 Rc7 22. Bc4 Kh8 23. 0-0 e3 24. fxe3 Bxe3+ 25. Kh1 Kg7 26. Rde1 Bc5 27. Bb3 e6 28. Rc1 Ba3 29. Rc3 Be4 30. Rxf8 Bxf8 31. Rc1 exd5 32. Kg1 Ba3 33. Rc3 d4 34. Rc4 Rxc6 35. Ra4 Bc5 0-1